01691nam a2200373 a 4500001001000000003000500010005001700015008004100032010001100073011001100084040000900095090001000104100002900114245017200143260004100315500006000356502008500416590004100501590004100542590004000583590004000623590004000663650007400703650004000777650006800817650005400885856007000939901000701009942001001016942000601026999001901032952013101051952013501182000113553CHAP20220329144401.0170802s2017 mx a fsm |||||||spa d a110014 a110986 cCHAP aTesis1 aKu Mukul, Efrain913296413aEl Business to Business (B2B) como ventaja competitiva para el desarrollo empresarial de las MIPyMES agroindustriales en México /h[En línea]cpor Efrain Ku Mukul. aChapingo, Méx. :bEl autor,c2017. aPara ver el contenido del material haga clic en la liga aTesis (Ing. Agroindustrial) -- UACH. Departamento de Ingeniería Agroindustrial aBATCH-UPDb05c20170803lUCH01h0925 aE11695DGDb10c20170803lUCH01h1114 aE8697GMMb05c20170802lUCH01h1441 aE8697GMMb05c20170802lUCH01h1459 aE8697GMMb05c20170803lUCH01h092414aComercio exteriorxSimplificación administrativazMéxico.912579814aNegociosxAdministración.912987214aPequeñas y medianas empresasxComercio electrónico.913296914aTecnologíaxServicios de información.9111956 aFinding aiduhttp://10.13.5.2/tesis/sist113553.pdfzTeclea aquí aBK cTESIS n0 c110014d110014 00104054718TESISaBCbBCd2017-08-02fTESISl0oTesisp113555-10r2019-12-31 00:00:00w2019-12-31yTESISzRecien adquirido 00102local4053708TESISaBCbBCcPA_TESISd2017-08-02fTESISl0oTesisp113555-20r2019-12-31 00:00:00tc.2w2019-12-31yTESIS